| 000 | 00731nam a2200241Ia 4500 | ||
|---|---|---|---|
| 008 | 180523s9999 xx 000 0 und d | ||
| 020 | _a981-4134-69-4 | ||
| 050 | _aMAIN RC 76 | ||
| 050 | _b.J37 2000 | ||
| 100 | _aJarvis, Carolyn. | ||
| 245 | 0 | _aPhysical examination and health assessment / | |
| 245 | 0 | _cCarolyn Jarvis; original illustrations by Pat Thomas; assessment photographs by Kevin Strandberg. | |
| 250 | _a3rd Edition | ||
| 260 | _aSingapore : | ||
| 260 | _bElsevier Science, | ||
| 260 | _c2000 | ||
| 300 | _a956 pages : | ||
| 300 | _billustrations ; | ||
| 300 | _c25 cm. | ||
| 500 | _aIncludes bibliographical references and index. | ||
| 650 | _aPhysical diagnosis. | ||
| 650 | _xNursing assessment. | ||
| 999 |
_c357646 _d357646 |
||